El Genocidio Armenio (Record no. 4421)
[ view plain ]
| 000 -CABECERA | |
|---|---|
| campo de control de longitud fija | 00389nam a22001217a 4500 |
| 080 ## - NUMERO DE CLASIFICACION DECIMAL UNIVERSAL (CDU) | |
| Número de la Clasificación Decimal Universal | 3421.48 G 288 |
| 245 ## - MENCION DE TITULO | |
| Título propiamente dicho | El Genocidio Armenio |
| Parte restante del título | Imágenes para la Memoria. (1915- 1923) |
| 260 ## - PUBLICACION, DISTRIBUCION, ETC. (PIE DE IMPRENTA) | |
| Lugar de publicación, distribución, etc. | Buenos Aires |
| Nombre del editor, distribuidor, etc. | Centro Cultural Recoleta |
| Fecha de publicación, distribución, etc. | (S/ F) |
| 300 ## - DESCRIPCION FISICA | |
| Extensión | 39 P: |
| 650 ## - ASIENTO SECUNDARIO DE MATERIA - TERMINO TEMATICO | |
| Fuente del encabezamiento o término | Tesauro de Biblioteconomía y Documentación |
| Subdivisión general | derecho político |
| -- | genocidio armenio |
| -- | genocidio |
| -- | derechos humanos |
| 942 ## - ELEMENTOS AGREGADOS (KOHA) | |
| Fuente de clasificación | |
| 945 ## - INFORMACION DE PROCESAMIENTO LOCAL | |
| Responsable de cargamodificación | Celeste Delía |
| Fecha de carga/modificación | 2016-09-26 |
| Retirado | Perdido | Dañado | No se presta | Ubicación permanente | Locación actual | Estante o sala | Fecha de adquisición | Signatura topográfica | Inventario | Ultima fecha vista | Tipo de item de Koha |
|---|---|---|---|---|---|---|---|---|---|---|---|
| Bib. Derecho | Bib. Derecho | Biblioteca Graduados | 26/09/2016 | 342 G 288 | 1527 | 26/09/2016 | Publicación periódica |
